[Event "Xtracon Skakligaen"]
[Site "Denmark"]
[Date "2015.12.06"]
[Round "3.3"]
[White "Wiwe, Andreas"]
[Black "Petersen, Tom Petri"]
[Result "0-1"]
[WhiteElo "2276"]
[BlackElo "2349"]
[PlyCount "74"]
[EventDate "2015.10.31"]
[EventType "team-tourn"]
[EventRounds "9"]
[EventCountry "DEN"]
[WhiteTeam "Jetsmark"]
[BlackTeam "Nordre"]
[WhiteTeamCountry "DEN"]
[BlackTeamCountry "DEN"]

1. e4 g6 2. d4 Bg7 3. c4 d6 4. Nc3 Nf6 5. Nf3 O-O 6. Be2 e5 7. O-O Na6 8. d5
Nc5 9. Qc2 a5 10. Be3 b6 11. Nd2 Ng4 12. Bxg4 Bxg4 13. a3 a4 14. Bxc5 bxc5 15.
Nxa4 Bh6 16. f3 Bd7 17. Nc3 Be3+ 18. Kh1 Qh4 19. Rfe1 Bd4 20. Re2 Rab8 21. Rb1
f5 22. b3 f4 23. a4 g5 24. Nb5 Rxb5 25. axb5 Rf6 26. Nf1 g4 27. Rd1 gxf3 28.
gxf3 Bh3 29. Rxd4 cxd4 30. Rg2+ Bxg2+ 31. Qxg2+ Rg6 32. Qe2 d3 33. Qd2 Qh3 34.
Qf2 Qc8 35. b6 cxb6 36. Qxb6 Qa8 37. Qc7 d2 0-1

[Event "Xtracon Skakligaen"]
[Site "Denmark"]
[Date "2015.12.06"]
[Round "3.4"]
[White "Sloth, Jorn"]
[Black "Christensen, Stefan"]
[Result "1/2-1/2"]
[WhiteElo "2311"]
[BlackElo "2266"]
[PlyCount "31"]
[EventDate "2015.10.31"]
[EventType "team-tourn"]
[EventRounds "9"]
[EventCountry "DEN"]
[WhiteTeam "Nordre"]
[BlackTeam "Jetsmark"]
[WhiteTeamCountry "DEN"]
[BlackTeamCountry "DEN"]

1. Nf3 d5 2. e3 e6 3. b3 Nf6 4. Bb2 Bd6 5. c4 c6 6. Nc3 O-O 7. Qc2 Nbd7 8. d4
Re8 9. Bd3 dxc4 10. Bxc4 b5 11. Be2 Bb7 12. O-O a6 13. a4 b4 14. Nb1 c5 15.
Nbd2 Rc8 16. Qd3 1/2-1/2

[Event "Xtracon Skakligaen"]
[Site "Denmark"]
[Date "2015.12.06"]
[Round "3.5"]
[White "Rosenkilde, Alexander"]
[Black "Klitgaard, Thomas"]
[Result "0-1"]
[WhiteElo "2197"]
[BlackElo "2230"]
[PlyCount "72"]
[EventDate "2015.10.31"]
[EventType "team-tourn"]
[EventRounds "9"]
[EventCountry "DEN"]
[WhiteTeam "Jetsmark"]
[BlackTeam "Nordre"]
[WhiteTeamCountry "DEN"]
[BlackTeamCountry "DEN"]

1. d4 Nf6 2. c4 e6 3. g3 c5 4. d5 exd5 5. cxd5 d6 6. Nc3 g6 7. Nf3 Bg7 8. Bg2
O-O 9. O-O Re8 10. Nd2 a6 11. a4 Nbd7 12. h3 Rb8 13. Nc4 Nb6 14. Na3 Bd7 15.
Bf4 Qc7 16. a5 Nc8 17. Nc4 Bb5 18. Qb3 Bxc4 19. Qxc4 b5 20. axb6 Rxb6 21. Rxa6
Rxb2 22. Nb5 Qb7 23. Nxd6 Nxd6 24. Rxd6 Rbxe2 25. Rc6 Nh5 26. Bd6 Qb2 27. Bxc5
Nxg3 28. Rd1 Rc2 29. Qg4 Ne2+ 30. Kh1 Rc1 31. Rf1 Qa1 32. Qxe2 Rxe2 33. Rc8+
Bf8 34. Rxf8+ Kg7 35. Kg1 Rxf1+ 36. Bxf1 Re1 0-1

[Event "Xtracon Skakligaen"]
[Site "Denmark"]
[Date "2015.12.06"]
[Round "3.6"]
[White "Hoiberg, Nina"]
[Black "Rathlev, Jakob"]
[Result "1/2-1/2"]
[WhiteElo "2213"]
[BlackElo "2240"]
[PlyCount "48"]
[EventDate "2015.10.31"]
[EventType "team-tourn"]
[EventRounds "9"]
[EventCountry "DEN"]
[WhiteTeam "Nordre"]
[BlackTeam "Jetsmark"]
[WhiteTeamCountry "DEN"]
[BlackTeamCountry "DEN"]

1. e4 c6 2. d4 d5 3. e5 c5 4. dxc5 Nc6 5. Bb5 e6 6. Be3 Nge7 7. c3 Bd7 8. Bxc6
Bxc6 9. Bd4 Nf5 10. Nf3 Nxd4 11. cxd4 b6 12. b4 a5 13. b5 Bxb5 14. Nc3 Bd7 15.
Na4 bxc5 16. Nxc5 Be7 17. O-O O-O 18. Qd3 Qc7 19. Rfc1 Rfc8 20. Rab1 Rab8 21.
g3 h6 22. Kg2 Qa7 23. Nxd7 Qxd7 24. Rxc8+ Qxc8 1/2-1/2

[Event "Xtracon Skakligaen"]
[Site "Denmark"]
[Date "2015.12.06"]
[Round "3.7"]
[White "Grubert, Christian"]
[Black "Christensen, Jan Schleicher"]
[Result "1/2-1/2"]
[WhiteElo "2155"]
[BlackElo "2190"]
[PlyCount "58"]
[EventDate "2015.10.31"]
[EventType "team-tourn"]
[EventRounds "9"]
[EventCountry "DEN"]
[WhiteTeam "Jetsmark"]
[BlackTeam "Nordre"]
[WhiteTeamCountry "DEN"]
[BlackTeamCountry "DEN"]

1. Nf3 Nf6 2. g3 e6 3. Bg2 d5 4. O-O Be7 5. d3 O-O 6. Nbd2 c5 7. e4 Nc6 8. Re1
Qc7 9. b3 b6 10. Bb2 Bb7 11. exd5 Nxd5 12. Ne5 Bf6 13. f4 Nd4 14. Ndf3 Rac8 15.
c4 Nb4 16. Nxd4 cxd4 17. Bxb7 Qxb7 18. a3 Nc6 19. Qf3 Rfd8 20. b4 Rc7 21. Ng4
Ne7 22. Nxf6+ gxf6 23. Qg4+ Kh8 24. Qh5 Nf5 25. Re4 Rcd7 26. Rae1 Ng7 27. Qh6
f5 28. R4e2 Qf3 29. Rd2 Nh5 1/2-1/2

[Event "Xtracon Skakligaen"]
[Site "Denmark"]
[Date "2015.12.06"]
[Round "3.8"]
[White "Olsen, Filip Boe"]
[Black "Nielsen, Tommy"]
[Result "1-0"]
[WhiteElo "2245"]
[BlackElo "2122"]
[PlyCount "91"]
[EventDate "2015.10.31"]
[EventType "team-tourn"]
[EventRounds "9"]
[EventCountry "DEN"]
[WhiteTeam "Nordre"]
[BlackTeam "Jetsmark"]
[WhiteTeamCountry "DEN"]
[BlackTeamCountry "DEN"]

1. d4 Nf6 2. Nf3 g6 3. Bf4 Bg7 4. e3 O-O 5. c4 c5 6. Nc3 cxd4 7. exd4 d5 8. Be2
Nc6 9. h3 b6 10. Ne5 Bb7 11. Bf3 e6 12. cxd5 Nxd5 13. Nxd5 exd5 14. O-O Rc8 15.
Qd2 Re8 16. Rfe1 Ne7 17. Bg4 f5 18. Bf3 Nc6 19. Rac1 Nxe5 20. dxe5 Rxc1 21.
Qxc1 Qd7 22. Qd2 Kf7 23. Qc3 Ke6 24. Rd1 Bf8 25. g4 Rc8 26. Qd3 Qc6 27. b3 Be7
28. Rc1 Qd7 29. Rd1 Bb4 30. Bg3 Qc6 31. gxf5+ gxf5 32. Qe3 Qe8 33. Qd4 Bc5 34.
Bxd5+ Bxd5 35. Qxd5+ Ke7 36. e6 Kf6 37. Qe5+ Kg6 38. Rd7 Be7 39. Bh4 Rc1+ 40.
Kh2 Qa8 41. Rd5 Bxh4 42. Qxf5+ Kh6 43. Qh5+ Kg7 44. Rd7+ Kf6 45. Rf7+ Kxe6 46.
Qf5+ 1-0

[Event "Xtracon Skakligaen"]
[Site "Denmark"]
[Date "2015.12.06"]
[Round "3.1"]
[White "Schandorff, Lars"]
[Black "Brynell, Stellan"]
[Result "1/2-1/2"]
[WhiteElo "2519"]
[BlackElo "2421"]
[PlyCount "218"]
[EventDate "2015.10.31"]
[EventType "team-tourn"]
[EventRounds "9"]
[EventCountry "DEN"]
[WhiteTeam "Hillerod"]
[BlackTeam "Nordkalotten"]
[WhiteTeamCountry "DEN"]
[BlackTeamCountry "DEN"]

1. Nf3 d5 2. g3 Nf6 3. Bg2 g6 4. c4 c6 5. b3 Bg7 6. Bb2 O-O 7. O-O a5 8. d3 a4
9. Nbd2 axb3 10. axb3 Rxa1 11. Qxa1 Na6 12. h3 Ne8 13. Rc1 Bxb2 14. Qxb2 f6 15.
b4 dxc4 16. Nxc4 Nac7 17. Nfd2 Nd6 18. Na5 e5 19. Ndb3 Ncb5 20. Nc5 Qe7 21. Nc4
Rd8 22. Kh2 Kg7 23. Ra1 Be6 24. Nxd6 Rxd6 25. Ra8 Qc7 26. e3 Bf7 27. Bf1 b6 28.
Ne4 Rd8 29. Ra6 Nd6 30. Nd2 Rd7 31. Qa1 Be6 32. Ra8 Nf7 33. Qa6 Qb7 34. Qxb7
Rxb7 35. Nc4 f5 36. f4 Bxc4 37. dxc4 Rd7 38. Rb8 Rd2+ 39. Kg1 c5 40. Rxb6 cxb4
41. Rxb4 Rc2 42. Rb6 g5 43. Re6 exf4 44. exf4 gxf4 45. gxf4 Nh8 46. Re5 Ng6 47.
Rxf5 Nh4 48. Rg5+ Kf6 49. Rg3 Nf5 50. Ra3 Nd4 51. Bd3 Rd2 52. Bxh7 Kg7 53. Be4
Ne6 54. f5 Nc5 55. Bd5 Kf6 56. Rf3 Nd3 57. h4 Ne5 58. Rf4 Nd3 59. Rf1 Ne5 60.
Rf4 Nd3 61. Rf3 Ne5 62. Rh3 Kxf5 63. h5 Kg4 64. Re3 Nxc4 65. Bxc4 Kxh5 66. Be2+
Kg5 67. Kf2 Kf4 68. Rh3 Rb2 69. Rh4+ Ke5 70. Ke3 Rb1 71. Rh5+ Ke6 72. Bc4+ Kd6
73. Kd4 Rd1+ 74. Bd3 Rd2 75. Rh6+ Kd7 76. Ke4 Rd1 77. Bb5+ Kc7 78. Bc4 Rd6 79.
Rh1 Rg6 80. Rh4 Kd6 81. Kd4 Rg1 82. Rh6+ Ke7 83. Bd5 Rd1+ 84. Ke5 Re1+ 85. Be4
Re2 86. Rh7+ Ke8 87. Ra7 Re1 88. Kf5 Kd8 89. Bd5 Re7 90. Ra8+ Kc7 91. Be6 Kd6
92. Ra6+ Kc5 93. Ke5 Rh7 94. Ra5+ Kb4 95. Ra1 Rh5+ 96. Kd6 Kc3 97. Bd5 Rh8 98.
Ra3+ Kd4 99. Ra4+ Kd3 100. Kc5 Rc8+ 101. Bc6 Kc3 102. Ra3+ Kd2 103. Kd5 Rc7
104. Rh3 Rc8 105. Bb5 Rc3 106. Rh2+ Ke3 107. Rh4 Rc8 108. Ke5 Rc5+ 109. Kd6
Rxb5 1/2-1/2

[Event "Xtracon Skakligaen"]
[Site "Denmark"]
[Date "2015.12.06"]
[Round "3.2"]
[White "Ahlander, Bjorn"]
[Black "Percivaldi, Martin"]
[Result "1/2-1/2"]
[WhiteElo "2378"]
[BlackElo "2246"]
[PlyCount "99"]
[EventDate "2015.10.31"]
[EventType "team-tourn"]
[EventRounds "9"]
[EventCountry "DEN"]
[WhiteTeam "Nordkalotten"]
[BlackTeam "Hillerod"]
[WhiteTeamCountry "DEN"]
[BlackTeamCountry "DEN"]

1. d4 d5 2. Nf3 Nf6 3. Bg5 c5 4. e3 e6 5. Nbd2 Nc6 6. c3 Be7 7. Bd3 h6 8. Bxf6
Bxf6 9. dxc5 a5 10. O-O Be7 11. e4 Bxc5 12. exd5 Qxd5 13. Qe2 O-O 14. Rad1 Qh5
15. Ne4 Be7 16. Ng3 Qc5 17. Bb1 a4 18. Rfe1 g6 19. Ne4 Qa5 20. Qe3 Kg7 21. h4
e5 22. Nd6 Bg4 23. Rd2 Bxd6 24. Rxd6 Rad8 25. Rxd8 Rxd8 26. Be4 Bxf3 27. Bxf3
Qb5 28. h5 Rd6 29. hxg6 fxg6 30. Re2 Rd3 31. Bxc6 bxc6 32. Qxe5+ Qxe5 33. Rxe5
Rd1+ 34. Kh2 Rd2 35. Ra5 Rxb2 36. Rxa4 Rxf2 37. Ra7+ Kf6 38. Ra6 Kf7 39. a4 Rf4
40. Rxc6 Rxa4 41. Kg3 Ra2 42. Kf3 Rc2 43. g3 Kg7 44. Rc7+ Kf6 45. Rc6+ Kg7 46.
c4 Kf7 47. Rc7+ Kf6 48. Rc6+ Kg5 49. Rc5+ Kf6 50. Rc6+ 1/2-1/2

[Event "Xtracon Skakligaen"]
[Site "Denmark"]
[Date "2015.12.06"]
[Round "3.3"]
[White "Jaksland, Tim"]
[Black "Sylvan, Jacob"]
[Result "1/2-1/2"]
[WhiteElo "2284"]
[BlackElo "2340"]
[PlyCount "65"]
[EventDate "2015.10.31"]
[EventType "team-tourn"]
[EventRounds "9"]
[EventCountry "DEN"]
[WhiteTeam "Hillerod"]
[BlackTeam "Nordkalotten"]
[WhiteTeamCountry "DEN"]
[BlackTeamCountry "DEN"]

1. Nf3 Nf6 2. c4 g6 3. Nc3 Bg7 4. g3 O-O 5. Bg2 c6 6. d4 d6 7. O-O Nbd7 8. h3
e5 9. e4 Qb6 10. c5 dxc5 11. dxe5 Ne8 12. Qc2 Nxe5 13. Nxe5 Bxe5 14. Na4 Qc7
15. Nxc5 Ng7 16. Be3 Ne6 17. Rad1 Re8 18. Nxe6 Bxe6 19. b3 Rac8 20. f4 Bg7 21.
Qf2 c5 22. f5 gxf5 23. exf5 Bxf5 24. Qxf5 Rxe3 25. Rd7 Qxg3 26. Qxf7+ Kh8 27.
Qd5 Bd4 28. Rxh7+ Kxh7 29. Qh5+ Kg8 30. Qf7+ Kh8 31. Qh5+ Kg8 32. Qf7+ Kh8 33.
Qh5+ 1/2-1/2

[Event "Xtracon Skakligaen"]
[Site "Denmark"]
[Date "2015.12.06"]
[Round "3.4"]
[White "Kristensen, Kaare Hove"]
[Black "Stojanovski, Sandi"]
[Result "1-0"]
[WhiteElo "2365"]
[BlackElo "2250"]
[PlyCount "65"]
[EventDate "2015.10.31"]
[EventType "team-tourn"]
[EventRounds "9"]
[EventCountry "DEN"]
[WhiteTeam "Nordkalotten"]
[BlackTeam "Hillerod"]
[WhiteTeamCountry "DEN"]
[BlackTeamCountry "DEN"]

1. e4 c5 2. Nf3 e6 3. d4 cxd4 4. Nxd4 Nf6 5. Nc3 d6 6. f4 Be7 7. Be3 O-O 8. Qf3
e5 9. Nf5 Bxf5 10. exf5 Nc6 11. O-O-O Qa5 12. Bc4 Rac8 13. Bb3 exf4 14. Qxf4
Ne5 15. Nd5 Nxd5 16. Rxd5 Qc7 17. Rhd1 a6 18. g4 h6 19. f6 Bxf6 20. Rxd6 Bg5
21. Qxe5 Rfe8 22. Qf5 Rxe3 23. Kb1 Re7 24. a3 Rf8 25. h4 Bf6 26. Rxf6 gxf6 27.
Qg6+ Kh8 28. Qxh6+ Kg8 29. Qg6+ Kh8 30. Qxf6+ Kg8 31. Rd5 Re1+ 32. Ka2 Rfe8 33.
Rh5 1-0

[Event "Xtracon Skakligaen"]
[Site "Denmark"]
[Date "2015.12.06"]
[Round "3.5"]
[White "Ostergaard, Jens"]
[Black "Nielsen, Lars Aaes"]
[Result "1-0"]
[WhiteElo "2254"]
[BlackElo "2231"]
[PlyCount "119"]
[EventDate "2015.10.31"]
[EventType "team-tourn"]
[EventRounds "9"]
[EventCountry "DEN"]
[WhiteTeam "Hillerod"]
[BlackTeam "Nordkalotten"]
[WhiteTeamCountry "DEN"]
[BlackTeamCountry "DEN"]

1. d4 Nf6 2. Nf3 e6 3. c4 b6 4. g3 Ba6 5. Nbd2 d5 6. Bg2 c6 7. b3 Bb4 8. O-O
O-O 9. Bb2 Nbd7 10. Qc2 Re8 11. Rfd1 Rc8 12. e4 Bxd2 13. Nxd2 e5 14. Re1 exd4
15. Bxd4 Nf8 16. exd5 Rxe1+ 17. Rxe1 cxd5 18. Bxf6 gxf6 19. Bh3 Rc6 20. Qd3 Rd6
21. Qf3 Bb7 22. Qg4+ Kh8 23. Bg2 Ng6 24. cxd5 Bxd5 25. Bxd5 Rxd5 26. Nc4 Rd4
27. Qf3 Rd3 28. Qc6 Rd1 29. Rxd1 Qxd1+ 30. Kg2 Kg7 31. Ne3 Qd3 32. Qf3 Ne5 33.
Nf5+ Kg6 34. Ne7+ Kg7 35. Qa8 f5 36. Qd5 Qxd5+ 37. Nxd5 Nd3 38. Kf3 Ne5+ 39.
Kf4 Nd3+ 40. Ke3 Ne5 41. h3 Nc6 42. Kf4 Kg6 43. b4 b5 44. a3 Nd4 45. h4 Nc2 46.
h5+ Kg7 47. Kxf5 Nxa3 48. Nc7 Nc2 49. Na6 Kh6 50. g4 Nd4+ 51. Kf6 Nf3 52. Nc7
Nh2 53. Kf5 a6 54. Nxa6 Nf3 55. Nc7 Nd4+ 56. Kf6 Nc6 57. Nd5 Nb8 58. f4 Nc6 59.
Ne3 Nd4 60. Kxf7 1-0

[Event "Xtracon Skakligaen"]
[Site "Denmark"]
[Date "2015.12.06"]
[Round "3.6"]
[White "Pedersen, Daniel V"]
[Black "Nordenbaek, Jan"]
[Result "1/2-1/2"]
[WhiteElo "2244"]
[BlackElo "2196"]
[PlyCount "37"]
[EventDate "2015.10.31"]
[EventType "team-tourn"]
[EventRounds "9"]
[EventCountry "DEN"]
[WhiteTeam "Nordkalotten"]
[BlackTeam "Hillerod"]
[WhiteTeamCountry "DEN"]
[BlackTeamCountry "DEN"]

1. e4 e5 2. Nf3 Nc6 3. Nc3 Nf6 4. g3 Bb4 5. Bg2 O-O 6. O-O Re8 7. d3 d6 8. Nd5
Nxd5 9. exd5 Ne7 10. c4 a5 11. d4 exd4 12. Nxd4 Nf5 13. Nc2 Bc5 14. b3 Qf6 15.
Rb1 Nd4 16. Ne3 Nf5 17. Nc2 Nd4 18. Ne3 Nf5 19. Nc2 1/2-1/2

[Event "Xtracon Skakligaen"]
[Site "Denmark"]
[Date "2015.12.06"]
[Round "3.7"]
[White "Andersen, Ib Hother"]
[Black "Jakobsen, Peter"]
[Result "1/2-1/2"]
[WhiteElo "2142"]
[BlackElo "2225"]
[PlyCount "82"]
[EventDate "2015.10.31"]
[EventType "team-tourn"]
[EventRounds "9"]
[EventCountry "DEN"]
[WhiteTeam "Hillerod"]
[BlackTeam "Nordkalotten"]
[WhiteTeamCountry "DEN"]
[BlackTeamCountry "DEN"]

1. e4 c5 2. Nf3 d6 3. d4 cxd4 4. Nxd4 Nf6 5. Nc3 e6 6. Be3 a6 7. g4 h6 8. Bg2
Nc6 9. h3 Ne5 10. O-O Bd7 11. f4 Nc4 12. Bf2 e5 13. Nde2 Nxb2 14. Qb1 Nc4 15.
Qxb7 Be7 16. Nd5 Nxd5 17. Qxd5 Rc8 18. fxe5 dxe5 19. Rfd1 Qc7 20. Rab1 Be6 21.
Qb7 Qxb7 22. Rxb7 Bg5 23. Rd3 O-O 24. Nc3 Na5 25. Rb2 Nc4 26. Rb4 Na3 27. Nd5
Nxc2 28. Ra4 Rfe8 29. Bf1 Bxd5 30. Rxd5 Ne3 31. Bxe3 Bxe3+ 32. Kg2 Rc2+ 33. Kf3
Bd4 34. Bxa6 Rb8 35. Rb5 Ra8 36. Rb3 Rf2+ 37. Kg3 Rf6 38. Bb5 Rxa4 39. Bxa4 Rf2
40. Rb8+ Kh7 41. Bb3 Rf1 1/2-1/2

[Event "Xtracon Skakligaen"]
[Site "Denmark"]
[Date "2015.12.06"]
[Round "3.8"]
[White "Hove, Esben Kjems"]
[Black "Svenninggaard, Thomas"]
[Result "1-0"]
[WhiteElo "2218"]
[BlackElo "2155"]
[PlyCount "85"]
[EventDate "2015.10.31"]
[EventType "team-tourn"]
[EventRounds "9"]
[EventCountry "DEN"]
[WhiteTeam "Nordkalotten"]
[BlackTeam "Hillerod"]
[WhiteTeamCountry "DEN"]
[BlackTeamCountry "DEN"]

1. d4 d6 2. g3 g6 3. Bg2 Bg7 4. e4 Nf6 5. Ne2 O-O 6. O-O Nbd7 7. Nbc3 Rb8 8. a4
c5 9. h3 a6 10. Be3 b5 11. axb5 axb5 12. dxc5 dxc5 13. e5 Nxe5 14. Qxd8 Rxd8
15. Bxc5 b4 16. Bxe7 bxc3 17. Bxd8 cxb2 18. Rad1 Ba6 19. Bc7 Rc8 20. Bxe5 Bxe2
21. Bxb2 Bxf1 22. Kxf1 h5 23. Rc1 Bh6 24. Ra1 Nd7 25. Ra8 Rxa8 26. Bxa8 Nb6 27.
Bc6 Bf8 28. Bd4 Nc4 29. Bd5 Nd6 30. c4 Be7 31. c5 Nb5 32. Be3 Nc7 33. Bc4 g5
34. Ke2 Kf8 35. Kd3 f5 36. c6 Ke8 37. Kd4 Bf6+ 38. Kc5 Ke7 39. Kb6 Kd8 40. Kb7
Be7 41. Bf7 f4 42. gxf4 g4 43. hxg4 1-0

[Event "Xtracon Skakligaen"]
[Site "Denmark"]
[Date "2015.12.06"]
[Round "3.1"]
[White "Ochsner, Bjorn Moller"]
[Black "Grandelius, Nils"]
[Result "0-1"]
[WhiteElo "2405"]
[BlackElo "2647"]
[PlyCount "84"]
[EventDate "2015.10.31"]
[EventType "team-tourn"]
[EventRounds "9"]
[EventCountry "DEN"]
[WhiteTeam "AarhusSkolerne"]
[BlackTeam "Philidor"]
[WhiteTeamCountry "DEN"]
[BlackTeamCountry "DEN"]

1. e4 e5 2. Nf3 Nc6 3. Bb5 a6 4. Bxc6 dxc6 5. O-O Bd6 6. d4 exd4 7. Qxd4 f6 8.
Be3 Ne7 9. Nbd2 Be6 10. Qc3 Qd7 11. Nd4 O-O-O 12. Nc4 Bxc4 13. Qxc4 Ng6 14. Nf5
Bf4 15. Rfe1 Rhe8 16. Qd4 Bxe3 17. Qxd7+ Rxd7 18. Rxe3 Ne5 19. Re2 Nc4 20. b3
Nd6 21. Ng3 Nb5 22. f3 Red8 23. Nf1 a5 24. c4 Nd4 25. Rb2 Ne6 26. g3 a4 27.
bxa4 Rd3 28. Rab1 Nc5 29. Kg2 Rc3 30. a5 Rxc4 31. a6 b6 32. Ne3 Ra4 33. a7 Rxa7
34. h4 Rd3 35. Re1 Raa3 36. Rbe2 Ne6 37. e5 Nd4 38. exf6 gxf6 39. Nc4 Rac3 40.
Re8+ Kb7 41. Ne3 Rd2+ 42. Kh3 Nxf3 0-1

[Event "Xtracon Skakligaen"]
[Site "Denmark"]
[Date "2015.12.06"]
[Round "3.2"]
[White "Berg, Emanuel"]
[Black "Hagen, Andreas Skytte"]
[Result "1-0"]
[WhiteElo "2568"]
[BlackElo "2396"]
[PlyCount "59"]
[EventDate "2015.10.31"]
[EventType "team-tourn"]
[EventRounds "9"]
[EventCountry "DEN"]
[WhiteTeam "Philidor"]
[BlackTeam "AarhusSkolerne"]
[WhiteTeamCountry "DEN"]
[BlackTeamCountry "DEN"]

1. e4 e5 2. Nf3 Nc6 3. Bb5 Nf6 4. d3 Bc5 5. Bxc6 dxc6 6. Nbd2 O-O 7. O-O Nd7 8.
Nc4 Re8 9. Kh1 Bf8 10. Be3 a5 11. a4 b6 12. Nfd2 f6 13. Qh5 g6 14. Qh4 Bg7 15.
Bh6 Bh8 16. f4 Qe7 17. fxe5 Nxe5 18. Nxe5 Qxe5 19. Nc4 Qe7 20. Rf3 Be6 21. Ne3
Qd7 22. Raf1 Re7 23. e5 f5 24. g4 Bxe5 25. gxf5 gxf5 26. Nxf5 Rf7 27. Ne7+ Kh8
28. Rxf7 Bxf7 29. Rxf7 Qe6 30. Rxh7+ 1-0

[Event "Xtracon Skakligaen"]
[Site "Denmark"]
[Date "2015.12.06"]
[Round "3.3"]
[White "Skytte, Rasmus"]
[Black "Glud, Jakob Vang"]
[Result "1/2-1/2"]
[WhiteElo "2413"]
[BlackElo "2535"]
[PlyCount "60"]
[EventDate "2015.10.31"]
[EventType "team-tourn"]
[EventRounds "9"]
[EventCountry "DEN"]
[WhiteTeam "AarhusSkolerne"]
[BlackTeam "Philidor"]
[WhiteTeamCountry "DEN"]
[BlackTeamCountry "DEN"]

1. Nf3 Nf6 2. d4 d5 3. c4 e6 4. g3 g6 5. Bg2 Bg7 6. O-O O-O 7. Nc3 b6 8. cxd5
exd5 9. Bf4 Bb7 10. Rc1 c6 11. Re1 Nbd7 12. Ne5 Nh5 13. Nxd7 Qxd7 14. Bg5 Qg4
15. Be3 Rfe8 16. Qd2 Rac8 17. Red1 Nf6 18. Bf4 Qf5 19. Qd3 Ne4 20. Nxe4 dxe4
21. Qa3 a6 22. Qb3 Qb5 23. e3 Qxb3 24. axb3 h5 25. Bd6 c5 26. dxc5 bxc5 27. Bh3
f5 28. Bf1 Bxb2 29. Bc4+ Kg7 30. Bxc5 Red8 1/2-1/2

[Event "Xtracon Skakligaen"]
[Site "Denmark"]
[Date "2015.12.06"]
[Round "3.4"]
[White "Rasmussen, Allan Stig"]
[Black "Sorensen, Jan"]
[Result "1-0"]
[WhiteElo "2498"]
[BlackElo "2435"]
[PlyCount "67"]
[EventDate "2015.10.31"]
[EventType "team-tourn"]
[EventRounds "9"]
[EventCountry "DEN"]
[WhiteTeam "Philidor"]
[BlackTeam "AarhusSkolerne"]
[WhiteTeamCountry "DEN"]
[BlackTeamCountry "DEN"]

1. d4 e6 2. c4 Nf6 3. Nc3 Bb4 4. Qc2 c5 5. dxc5 Bxc5 6. Nf3 Qb6 7. e4 Nc6 8.
Bg5 h6 9. Bxf6 gxf6 10. a3 Qa5 11. Rd1 Be7 12. Be2 a6 13. O-O d6 14. Qc1 Bd7
15. b4 Qd8 16. Rd3 Rc8 17. Rfd1 Nb8 18. Re3 Qc7 19. Qb2 Nc6 20. Red3 Rd8 21.
Qc1 Nb8 22. Re3 Qb6 23. Nd4 Nc6 24. Nxc6 Bxc6 25. Rh3 Bf8 26. Qf4 Rg8 27. Qxf6
Bg7 28. Qh4 Be5 29. Rhd3 Rc8 30. Kh1 Rg6 31. c5 dxc5 32. bxc5 Qa5 33. Nd5 Bb5
34. Qe7# 1-0

[Event "Xtracon Skakligaen"]
[Site "Denmark"]
[Date "2015.12.06"]
[Round "3.5"]
[White "Christensen, Tobias Bent"]
[Black "Ziska, Helgi Dam"]
[Result "0-1"]
[WhiteElo "2349"]
[BlackElo "2523"]
[PlyCount "78"]
[EventDate "2015.10.31"]
[EventType "team-tourn"]
[EventRounds "9"]
[EventCountry "DEN"]
[WhiteTeam "AarhusSkolerne"]
[BlackTeam "Philidor"]
[WhiteTeamCountry "DEN"]
[BlackTeamCountry "DEN"]

1. d4 Nf6 2. Nf3 g6 3. c4 Bg7 4. Nc3 d6 5. e4 O-O 6. Be2 Na6 7. O-O e5 8. dxe5
dxe5 9. Bg5 Qe8 10. Qc2 c6 11. h3 Nh5 12. Qd2 Be6 13. g4 f6 14. Be3 Rd8 15. Qc1
Nf4 16. Bxf4 exf4 17. Qxf4 Qf7 18. b3 f5 19. Ng5 Qe7 20. Nxe6 Qxe6 21. Rac1
fxg4 22. Qxg4 Qe5 23. f4 Qd4+ 24. Kh1 Qe3 25. Qf3 Qd2 26. Rfd1 Qxf4 27. Qxf4
Rxd1+ 28. Rxd1 Rxf4 29. Rd8+ Kf7 30. Rd7+ Kf8 31. Nd1 Rxe4 32. Bf3 Re7 33. Rd2
Nc5 34. Kg2 Ne6 35. Bg4 h5 36. Rf2+ Ke8 37. Bxe6 Rxe6 38. Kf3 Re1 39. Ne3 Bd4
0-1

[Event "Xtracon Skakligaen"]
[Site "Denmark"]
[Date "2015.12.06"]
[Round "3.6"]
[White "Mikkelsen, Nikolaj"]
[Black "Vinther Schou, Uffe"]
[Result "1-0"]
[WhiteElo "2462"]
[BlackElo "2374"]
[PlyCount "119"]
[EventDate "2015.10.31"]
[EventType "team-tourn"]
[EventRounds "9"]
[EventCountry "DEN"]
[WhiteTeam "Philidor"]
[BlackTeam "AarhusSkolerne"]
[WhiteTeamCountry "DEN"]
[BlackTeamCountry "DEN"]

1. e4 e5 2. Nf3 Nc6 3. Bb5 a6 4. Ba4 Nf6 5. O-O Be7 6. d3 b5 7. Bb3 d6 8. a4
Bd7 9. c3 O-O 10. Nbd2 Na5 11. Bc2 c5 12. Re1 Re8 13. Nf1 h6 14. h3 Bf8 15. Ne3
Nc6 16. Nh2 Be6 17. Nhg4 Nh7 18. Bb3 h5 19. Nh2 g6 20. Bxe6 fxe6 21. Nc2 Bg7
22. Be3 Qe7 23. Qd2 d5 24. exd5 exd5 25. b4 cxb4 26. cxb4 Qf6 27. Bc5 Ng5 28.
Ne3 Rad8 29. axb5 axb5 30. Ra6 Re6 31. Rb6 d4 32. Nef1 Kh8 33. Ng3 Ne7 34. Bxe7
Qxe7 35. Rxb5 Rc6 36. Rc1 Bh6 37. Kh1 Nf7 38. Qxh6+ Nxh6 39. Rxc6 Qf7 40. Nf3
Qa2 41. Rxg6 Nf7 42. Nxe5 Nxe5 43. Rxe5 Rd5 44. Rxd5 Qxd5 45. Ne4 h4 46. Rh6+
Kg7 47. Rxh4 Qb3 48. Rg4+ Kf8 49. Rg3 Qxb4 50. Rf3+ Kg7 51. g3 Qe1+ 52. Kg2 Qe2
53. Nd6 Qe5 54. Nf5+ Kg6 55. Rf4 Qd5+ 56. Kh2 Qb3 57. Nh4+ Kh5 58. Rxd4 Qd1 59.
Kg2 Qe2 60. Nf3 1-0

[Event "Xtracon Skakligaen"]
[Site "Denmark"]
[Date "2015.12.06"]
[Round "3.7"]
[White "Ochsner, Thomas"]
[Black "Bekker Jensen, Simon"]
[Result "0-1"]
[WhiteElo "2326"]
[BlackElo "2438"]
[PlyCount "78"]
[EventDate "2015.10.31"]
[EventType "team-tourn"]
[EventRounds "9"]
[EventCountry "DEN"]
[WhiteTeam "AarhusSkolerne"]
[BlackTeam "Philidor"]
[WhiteTeamCountry "DEN"]
[BlackTeamCountry "DEN"]

1. e4 e5 2. Nf3 Nc6 3. Bb5 a6 4. Ba4 Nf6 5. O-O Be7 6. Re1 b5 7. Bb3 d6 8. c3
O-O 9. h3 Na5 10. Bc2 c5 11. d4 Qc7 12. Nbd2 Bd7 13. Nf1 Nc4 14. a4 cxd4 15.
cxd4 Rfc8 16. Re2 Rab8 17. Ng3 g6 18. axb5 Bxb5 19. Ba4 Qb7 20. Bxb5 Qxb5 21.
Qa4 Qxa4 22. Rxa4 a5 23. Rc2 Nb6 24. Rxc8+ Rxc8 25. Ra1 Nfd7 26. Bd2 a4 27. Bb4
Rc4 28. Ba3 exd4 29. Rd1 Nc5 30. Nxd4 Bh4 31. Nde2 Nxe4 32. Nxe4 Rxe4 33. Nc3
Re6 34. g3 Bf6 35. Bb4 d5 36. Nxd5 Bxb2 37. Bc5 Nxd5 38. Rxd5 Ra6 39. g4 Ra8
0-1